000 00720nam a2200217Ii 4500
003 JO-AjNU
008 230605s9999||||xx |||||||||||||| ||und||
017 _a2007/7/2318
040 _aJO-AjNU
_bara
_erda
_cJO-AjNU
041 _aara
050 1 4 _aQA76 .9 .A25 .H3522
100 3 _aالحمامي، علاء حسين,
_eauthor
_931450
245 0 0 _aاخفاء المعلومات الكتابة المخفية والعلامة المائية=information hiding
250 _aط1
264 3 1 _aعمان:دار اثراء، د.ن
300 _a548ص
336 _atext
_btxt
_2rdacontent
337 _aunmediated
_bn
_2rdamedia
338 _avolume
_bnc
_2rdacarrier
650 4 _aأمن المعلومات. 
_931451
999 _aA12581
_c16149
_d16149